000 00569nam a22001817a 4500
999 _c524802
_d524802
003 NUST
005 20190626061506.0
008 190626b ||||| |||| 00| 0 eng d
038 _aMr. Zahoor
082 _a620.1
100 _aRizwan Latif
_915593
245 _aVehicle Modeling and Performance Evaluation Using Active torque Distribution/
_cRizwan Latif
260 _aIslamabad :
_bCEME NUST,
_c2014.
300 _axiii, 60p. : ill. ;
_c30cm
500 _aHard cover
600 _2CEME - Mechanical Engineering - Ms Thesis
_aRizwan Latif
_915593
942 _2ddc
_cTHE